Analýza a komparácia daňového zaťaženia práce v krajinách EU diplomová práca

Salvato in:
Dettagli Bibliografici
Autore principale: Jurovatá, Michaela
Ente Autore: Národohospodárska fakulta EU. Katedra financií
Altri autori: Kitová, Denisa, 1983-
Natura: Libro
Lingua:slovacco
Pubblicazione: Bratislava 2011
Tags: Aggiungi Tag
Nessun Tag, puoi essere il primo ad aggiungerne!!

MARC

LEADER 00000nbm a2200000 4500
001 0130786
005 20161109101617.5
041 0 |a slo 
044 |a SK 
245 1 0 |a Analýza a komparácia daňového zaťaženia práce v krajinách EU  |b diplomová práca  |c Michaela Jurovatá ; školiteľ: Denisa Kitová 
264 1 |a Bratislava  |c 2011 
300 |a 91 s. 
100 1 |a Jurovatá, Michaela 
700 1 |a Kitová, Denisa, 1983- 
710 2 |a Národohospodárska fakulta EU. Katedra financií